[Event "I Festival A"]
[Site "Lido degli Estensi - Comacchio ITA"]
[Date "2000.05.29"]
[Round "3"]
[White "Razuvaev, Yuri S."]
[Black "Ristic, Nenad"]
[Result "1/2-1/2"]
[WhiteElo "2548"]
[BlackElo "2435"]
[PlyCount "87"]
[EventDate "2000.05.27"]

1. Nf3 c5 2. c4 Nf6 3. Nc3 Nc6 4. d4 cxd4 5. Nxd4 e6 6. a3 d5 7. cxd5 exd5 8.
Bg5 Be7 9. e3 O-O 10. Bb5 Bg4 11. Qa4 Ne5 12. h3 Bh5 13. Nf5 Bc5 14. Qh4 Bg6
15. Nh6+ Kh8 16. Rd1 Be7 17. Ng4 Nexg4 18. hxg4 Kg8 19. Bd3 Qa5 20. Kf1 Rad8
21. Kg1 d4 22. Bxg6 fxg6 23. exd4 h6 24. Be3 Nd5 25. Qh3 Nxc3 26. bxc3 g5 27.
Bd2 Qxa3 28. Qd3 Qd6 29. Rb1 b6 30. Rh3 Rf6 31. Re3 Rdf8 32. f3 Bd8 33. Qc4+
Kh8 34. Rbe1 Qg3 35. Qe2 Bc7 36. f4 Qxf4 37. Rh3 Qd6 38. Bxg5 Rf2 39. Qe4 Qd7
40. Bxh6 gxh6 41. Rxh6+ Kg8 42. Rg6+ Kh8 43. Rh6+ Kg8 44. Rg6+ 1/2-1/2

[Event "I Festival A"]
[Site "Lido degli Estensi - Comacchio ITA"]
[Date "2000.05.29"]
[Round "3"]
[White "Ruzza, Claudio"]
[Black "Wagman, Stuart"]
[Result "0-1"]
[WhiteElo "1911"]
[BlackElo "2188"]
[PlyCount "84"]
[EventDate "2000.05.27"]

1. d4 d5 2. Bf4 Nf6 3. e3 e6 4. Bd3 c5 5. c3 Nc6 6. Nd2 Be7 7. h3 Qb6 8. Rb1
Qa5 9. a3 cxd4 10. exd4 Qd8 11. Ngf3 b6 12. Qe2 Bb7 13. Rc1 Rc8 14. O-O O-O 15.
Ne5 Nxe5 16. dxe5 Nd7 17. Qh5 g6 18. Qe2 Re8 19. Nf3 Nc5 20. Bb1 Ba6 21. Qe3
Bxf1 22. Rxf1 Na4 23. Qe2 Qc7 24. Ng5 Bf8 25. Nf3 Qc4 26. Qd2 Nxb2 27. Bh6 Qxc3
28. Qg5 Qxa3 29. Nh2 Be7 30. Qd2 Qc3 31. Qe2 Nc4 32. Ng4 Red8 33. Rd1 Nb2 34.
Re1 Rc4 35. Bd2 Qa3 36. f4 Qc5+ 37. Kh1 d4 38. f5 exf5 39. e6 fxg4 40. exf7+
Kxf7 41. Qe6+ Kg7 42. Rf1 Rf8 0-1

[Event "I Festival A"]
[Site "Lido degli Estensi - Comacchio ITA"]
[Date "2000.05.29"]
[Round "3"]
[White "Straub, Peter"]
[Black "Dragojlovic, Andjelko"]
[Result "1/2-1/2"]
[WhiteElo "2126"]
[BlackElo "2437"]
[PlyCount "39"]
[EventDate "2000.05.27"]

1. Nf3 Nf6 2. d4 g6 3. Nbd2 d5 4. Ne5 Bg7 5. e3 O-O 6. Bd3 c5 7. c3 Nfd7 8. f4
Nxe5 9. fxe5 f6 10. exf6 exf6 11. O-O c4 12. Bc2 f5 13. b3 cxb3 14. Bxb3 Re8
15. Qf3 Be6 16. c4 dxc4 17. Nxc4 Nc6 18. Bb2 Rc8 19. Rac1 Bd5 20. Qxd5+ 1/2-1/2

[Event "I Festival A"]
[Site "Lido degli Estensi - Comacchio ITA"]
[Date "2000.05.29"]
[Round "3"]
[White "Timoscenko, Gennadij A."]
[Black "Ortega, Lexy"]
[Result "1-0"]
[WhiteElo "2519"]
[BlackElo "2479"]
[PlyCount "57"]
[EventDate "2000.05.27"]

1. Nf3 c5 2. c4 Nc6 3. d4 cxd4 4. Nxd4 Nf6 5. Nc3 e6 6. Bg5 h6 7. Bh4 Qb6 8.
Nb3 d5 9. e3 dxc4 10. Bxc4 Qb4 11. Qe2 Ne4 12. a3 Nxc3 13. Qd3 Qb6 14. Qxc3 Bd6
15. Qxg7 Be5 16. Bf6 Bxf6 17. Qxf6 Rg8 18. O-O Bd7 19. Rad1 Rd8 20. Rd6 Rg6 21.
Qc3 Qc7 22. Rfd1 Ke7 23. Nc5 Bc8 24. Rxd8 Nxd8 25. Ne4 Nc6 26. Bb5 Qb6 27. Bxc6
bxc6 28. Qe5 f5 29. Nd6 1-0

[Event "I Festival A"]
[Site "Lido degli Estensi - Comacchio ITA"]
[Date "2000.05.30"]
[Round "4"]
[White "Bondielli, Giorgio"]
[Black "Aglietti, Graziano"]
[Result "0-1"]
[WhiteElo "1747"]
[BlackElo "2051"]
[PlyCount "70"]
[EventDate "2000.05.27"]

1. e4 c5 2. d4 cxd4 3. c3 d5 4. exd5 Qxd5 5. cxd4 Nc6 6. Nf3 Bg4 7. Be2 e6 8.
Nc3 Qd8 9. O-O Nf6 10. Be3 Bd6 11. Qb3 a6 12. Rfd1 Qc7 13. h3 h5 14. Rac1 Bf4
15. Bxf4 Qxf4 16. Qxb7 O-O 17. Qxc6 Rfc8 18. Qa4 Ne4 19. d5 Nxc3 20. Qxf4 Nxe2+
21. Kh2 Nxf4 22. hxg4 hxg4 23. Ne5 g3+ 24. fxg3 Nxd5 25. Nc6 Rc7 26. Rd4 Rac8
27. Rdc4 Kf8 28. Ne5 Rxc4 29. Rxc4 Rxc4 30. Nxc4 Ke7 31. Kg1 f6 32. Kf2 Kd7 33.
Ke2 Kc6 34. Kd2 Kc5 35. Kd3 Nb4+ 0-1

[Event "I Festival A"]
[Site "Lido degli Estensi - Comacchio ITA"]
[Date "2000.05.30"]
[Round "4"]
[White "Davies, Nigel R."]
[Black "Marchini, Massimo"]
[Result "1-0"]
[WhiteElo "2497"]
[BlackElo "2187"]
[PlyCount "67"]
[EventDate "2000.05.27"]

1. g3 Nf6 2. Bg2 g6 3. e4 d6 4. d4 Bg7 5. Ne2 O-O 6. O-O c5 7. dxc5 dxc5 8. e5
Ng4 9. f4 f6 10. h3 Nh6 11. exf6 exf6 12. Nbc3 Nc6 13. Be3 Qa5 14. Qd5+ Kh8 15.
Qxc5 Nf5 16. Bxc6 Qxc5 17. Bxc5 bxc6 18. g4 Nh4 19. Bxf8 Bxf8 20. Rad1 Bc5+ 21.
Kh2 Ba6 22. Rd7 Re8 23. Rfd1 Bb6 24. Ng3 Bc8 25. Nge4 Bxd7 26. Rxd7 Re6 27. Kg3
g5 28. f5 Re5 29. Nxf6 Re3+ 30. Kh2 Nf3+ 31. Kg2 Nh4+ 32. Kf1 Rf3+ 33. Ke2 Rf2+
34. Kd3 1-0

[Event "I Festival A"]
[Site "Lido degli Estensi - Comacchio ITA"]
[Date "2000.05.30"]
[Round "4"]
[White "Djuric, Stefan"]
[Black "Timoscenko, Gennadij A."]
[Result "1/2-1/2"]
[WhiteElo "2491"]
[BlackElo "2519"]
[PlyCount "81"]
[EventDate "2000.05.27"]

1. e4 c5 2. Nf3 e6 3. g3 Nc6 4. Bg2 Nf6 5. Nc3 d5 6. exd5 Nxd5 7. Nxd5 Qxd5 8.
O-O Be7 9. Re1 Qd8 10. c3 O-O 11. h4 Bd7 12. d3 Rc8 13. Qe2 Qc7 14. Bf4 Bd6 15.
Bxd6 Qxd6 16. Rad1 Rfd8 17. d4 Be8 18. Qe3 cxd4 19. Nxd4 Qb8 20. Nxc6 Bxc6 21.
Bxc6 bxc6 22. b3 Qb6 23. Rd3 Rxd3 24. Qxd3 Rd8 25. Qf3 Qc5 26. Re4 Rd5 27. Rb4
g6 28. Qf6 Qd6 29. Rb7 Rf5 30. Qd4 Qxd4 31. cxd4 a5 32. Rc7 Rd5 33. Rxc6 Rxd4
34. Ra6 Rd5 35. Kf1 h5 36. Ke2 Kg7 37. Rc6 Kf6 38. Rc7 e5 39. Rb7 Ke6 40. a3 f6
41. Rb6+ 1/2-1/2

[Event "I Festival A"]
[Site "Lido degli Estensi - Comacchio ITA"]
[Date "2000.05.30"]
[Round "4"]
[White "Martinovic, Slobodan"]
[Black "Genocchio, Daniele"]
[Result "1/2-1/2"]
[WhiteElo "2448"]
[BlackElo "2245"]
[PlyCount "90"]
[EventDate "2000.05.27"]

1. Nf3 g6 2. e4 c5 3. d4 Bg7 4. c3 cxd4 5. cxd4 d5 6. e5 Bg4 7. Nbd2 Qb6 8. h3
Bxf3 9. Nxf3 Nh6 10. Bd3 O-O 11. Be3 Nc6 12. Qd2 Qb4 13. Rc1 f6 14. exf6 Rxf6
15. Ne5 a5 16. a3 Qxd2+ 17. Kxd2 Nf5 18. Bxf5 Nxe5 19. Bd3 Nxd3 20. Kxd3 Rb6
21. Rc2 Rb3+ 22. Ke2 Ra6 23. Rd1 Rab6 24. Rdd2 a4 25. Kd1 Kf7 26. Kc1 Rc6 27.
Rxc6 bxc6 28. Rc2 Rb6 29. g4 Ke8 30. Rc3 Kd7 31. Kc2 Rb8 32. b4 h5 33. Kd3 Rf8
34. Ke2 e5 35. dxe5 Bxe5 36. Rc5 Bb2 37. b5 d4 38. Bd2 cxb5 39. Rxb5 Bxa3 40.
Ra5 d3+ 41. Kxd3 Rf3+ 42. Be3 Rxh3 43. Rxa4 Bc5 44. gxh5 Bxe3 45. fxe3 gxh5
1/2-1/2

[Event "I Festival A"]
[Site "Lido degli Estensi - Comacchio ITA"]
[Date "2000.05.30"]
[Round "4"]
[White "Ortega, Lexy"]
[Black "Frank, Albert"]
[Result "1-0"]
[WhiteElo "2479"]
[BlackElo "2029"]
[PlyCount "113"]
[EventDate "2000.05.27"]

1. d4 c5 2. d5 e5 3. dxe6 fxe6 4. e4 d5 5. Nc3 d4 6. Qh5+ g6 7. Qe5 Qf6 8. Qxf6
Nxf6 9. e5 dxc3 10. exf6 Nd7 11. Ne2 Nxf6 12. Nxc3 Nd5 13. Ne4 Be7 14. Bh6 Bd7
15. O-O-O Nf6 16. Bd3 Nxe4 17. Bxe4 O-O-O 18. h4 Bb5 19. Rde1 Bf6 20. Rh3 Rd4
21. Rf3 Rxe4 22. Rxe4 Bc6 23. Rxf6 Bxe4 24. f3 Bc6 25. Rf7 Bd5 26. Re7 Rd8 27.
Rxh7 Rd7 28. Bg7 e5 29. Rh8+ Rd8 30. Rxd8+ Kxd8 31. Bxe5 Ke7 32. b3 c4 33. Kd2
Ke6 34. Bb8 cxb3 35. axb3 a6 36. Ke3 b5 37. Kd4 Bc6 38. Bc7 Kd7 39. Ba5 Ke6 40.
Bd2 Kd6 41. Bf4+ Ke6 42. Kc5 Bd7 43. Bc7 Ke7 44. c4 Be6 45. Kd4 Kd7 46. Ba5 Bf7
47. Bc3 Bg8 48. g4 Be6 49. h5 gxh5 50. gxh5 Ke7 51. Ke5 bxc4 52. h6 Bg8 53.
bxc4 Kf8 54. Kf6 Bh7 55. f4 Be4 56. f5 Kg8 57. Kg6 1-0

[Event "I Festival A"]
[Site "Lido degli Estensi - Comacchio ITA"]
[Date "2000.05.30"]
[Round "4"]
[White "Pegoraro, Nicola"]
[Black "Aleksic, Nenad"]
[Result "0-1"]
[WhiteElo "2060"]
[BlackElo "2405"]
[PlyCount "52"]
[EventDate "2000.05.27"]

1. e4 c5 2. Nf3 d6 3. d4 cxd4 4. Nxd4 Nf6 5. Nc3 a6 6. Be3 e6 7. f3 b5 8. Qd2
Bb7 9. g4 Nfd7 10. g5 Nb6 11. Bd3 N8d7 12. f4 Rc8 13. O-O-O Nc5 14. a3 Be7 15.
Kb1 Nxd3 16. cxd3 d5 17. Rc1 dxe4 18. Nxe4 Nc4 19. Qf2 O-O 20. Rhg1 Bxe4 21.
dxe4 Bc5 22. Rgd1 Qb6 23. Rd3 Rfd8 24. Rcd1 Rd7 25. Nc2 Nxe3 26. Nxe3 Bxe3 0-1

[Event "I Festival A"]
[Site "Lido degli Estensi - Comacchio ITA"]
[Date "2000.05.30"]
[Round "4"]
[White "Pienabarca, Nicola"]
[Black "Ruzza, Claudio"]
[Result "1-0"]
[WhiteElo "2030"]
[BlackElo "1911"]
[PlyCount "87"]
[EventDate "2000.05.27"]

1. d4 g6 2. c4 Bg7 3. Nc3 d6 4. e4 Nc6 5. Be3 e5 6. d5 Nce7 7. f3 f5 8. Bd3 Nf6
9. Nge2 fxe4 10. Nxe4 Nxe4 11. Bxe4 Bf5 12. Nc3 Bxe4 13. Nxe4 Nf5 14. Bg5 Qc8
15. Qd2 h6 16. Be3 Qd7 17. Bf2 O-O 18. O-O-O Nd4 19. Nc3 c5 20. dxc6 bxc6 21.
Bxd4 exd4 22. Ne2 c5 23. Nf4 Qf7 24. Nd5 Rfe8 25. Rde1 Rxe1+ 26. Rxe1 Re8 27.
Re2 Rxe2 28. Qxe2 Kf8 29. Qe4 g5 30. h4 Be5 31. hxg5 hxg5 32. Kc2 Kg7 33. Kd3
Qh5 34. Qf5 Qh1 35. Qxg5+ Kh8 36. Qd8+ Kh7 37. Qd7+ Kh8 38. Qh3+ Qxh3 39. gxh3
Kg7 40. f4 Bf6 41. b4 Bd8 42. Ke4 a6 43. b5 axb5 44. cxb5 1-0

[Event "I Festival A"]
[Site "Lido degli Estensi - Comacchio ITA"]
[Date "2000.05.30"]
[Round "4"]
[White "Ricci, Alfredo"]
[Black "Renier, Renzo"]
[Result "0-1"]
[WhiteElo "2093"]
[BlackElo "1917"]
[PlyCount "92"]
[EventDate "2000.05.27"]

1. e4 e5 2. Nf3 Nc6 3. Bc4 Bc5 4. b4 Bxb4 5. c3 Ba5 6. d4 d6 7. Qb3 Qd7 8. O-O
Bb6 9. Bb5 a6 10. Ba4 Ba7 11. Bxc6 Qxc6 12. Ba3 Nf6 13. Nbd2 O-O 14. dxe5 Be6
15. Qb1 Nd7 16. exd6 cxd6 17. e5 Bc5 18. Nd4 Qd5 19. Bb2 Bxd4 20. cxd4 dxe5 21.
Nf3 e4 22. Ne5 Nf6 23. Qd1 Rac8 24. Ba3 Rfe8 25. Bc1 Red8 26. Be3 Ne8 27. h3
Nd6 28. Re1 Nb5 29. Qe2 Nxd4 30. Bxd4 Qxd4 31. Qxe4 Qxe4 32. Rxe4 Rd2 33. a4
Rcc2 34. Ng4 h6 35. Ne3 Rb2 36. Kh1 Re2 37. a5 Rxf2 38. Rg1 Ra2 39. Nd1 Rfe2
40. Rxe2 Rxe2 41. Nc3 Rc2 42. Ne4 Bd5 43. Re1 f5 44. Nd6 Rxg2 45. Re8+ Kh7 46.
Rb8 Rg6+ 0-1

[Event "I Festival A"]
[Site "Lido degli Estensi - Comacchio ITA"]
[Date "2000.05.30"]
[Round "4"]
[White "Ristic, Nenad"]
[Black "Dell'Accio, Cataldo"]
[Result "1-0"]
[WhiteElo "2435"]
[BlackElo "2101"]
[PlyCount "65"]
[EventDate "2000.05.27"]

1. e4 g6 2. d4 Bg7 3. Nf3 d6 4. Be2 Nc6 5. d5 Na5 6. O-O c6 7. c3 Nf6 8. b4
Nxe4 9. Bb2 Qb6 10. Qc2 cxd5 11. bxa5 Qxa5 12. c4 Nf6 13. cxd5 O-O 14. Nc3 Nxd5
15. Nxd5 Qxd5 16. Bxg7 Kxg7 17. Qc7 Qc6 18. Rac1 Qxc7 19. Rxc7 Kf6 20. Nd2 d5
21. f4 Rd8 22. g4 Rd7 23. g5+ Kg7 24. Rfc1 Rxc7 25. Rxc7 Be6 26. Rxb7 Rc8 27.
Nb3 Rc2 28. Nd4 Rxa2 29. Nxe6+ fxe6 30. Rxe7+ Kf8 31. Rxe6 a5 32. Kf2 a4 33.
Rd6 1-0

[Event "I Festival A"]
[Site "Lido degli Estensi - Comacchio ITA"]
[Date "2000.05.30"]
[Round "4"]
[White "Wagman, Stuart"]
[Black "Straub, Peter"]
[Result "1/2-1/2"]
[WhiteElo "2188"]
[BlackElo "2126"]
[PlyCount "40"]
[EventDate "2000.05.27"]

1. e4 c5 2. Nf3 Nc6 3. d4 cxd4 4. Nxd4 g6 5. Be2 Bg7 6. Nb3 Nf6 7. Nc3 O-O 8.
O-O a5 9. a4 d5 10. exd5 Nb4 11. Bf3 Qc7 12. Nd4 Bd7 13. Re1 Rfe8 14. Be3 Rad8
15. h3 Qc8 16. Re2 Qc4 17. Rd2 Qc8 18. Nb3 Qc7 19. d6 exd6 20. Bf4 Bf8 1/2-1/2

[Event "I Festival A"]
[Site "Lido degli Estensi - Comacchio ITA"]
[Date "2000.05.31"]
[Round "5"]
[White "Aleksic, Nenad"]
[Black "Davies, Nigel R."]
[Result "1/2-1/2"]
[WhiteElo "2405"]
[BlackElo "2497"]
[PlyCount "34"]
[EventDate "2000.05.27"]

1. e4 c5 2. Nf3 e6 3. Nc3 d6 4. d4 cxd4 5. Nxd4 a6 6. g3 Nc6 7. Bg2 Bd7 8. O-O
Nge7 9. Nb3 Nc8 10. a4 Be7 11. f4 O-O 12. Qe2 Qc7 13. Kh1 Bf6 14. Nd1 Nd4 15.
Nxd4 Bxd4 16. c3 Ba7 17. Be3 Bc6 1/2-1/2

[Event "I Festival A"]
[Site "Lido degli Estensi - Comacchio ITA"]
[Date "2000.05.31"]
[Round "5"]
[White "Efimov, Igor"]
[Black "Ristic, Nenad"]
[Result "1/2-1/2"]
[WhiteElo "2537"]
[BlackElo "2435"]
[PlyCount "96"]
[EventDate "2000.05.27"]

1. Nf3 c5 2. c4 Nc6 3. Nc3 Nd4 4. Ng1 Nc6 5. e3 e6 6. Nf3 Nf6 7. d4 d5 8. a3 a6
9. dxc5 Bxc5 10. b4 Ba7 11. Bb2 O-O 12. Bd3 dxc4 13. Bxc4 b5 14. Bd3 Bb7 15.
O-O Qe7 16. Rc1 Rfd8 17. Qe2 Rac8 18. Ne4 Nxe4 19. Bxe4 Nb8 20. Bb1 Nd7 21.
Rxc8 Rxc8 22. Rd1 Nf8 23. Qd3 Bb6 24. e4 Qc7 25. g3 Rd8 26. Qxd8 Qxd8 27. Rxd8
Bxd8 28. Nd2 Nd7 29. Kf1 Kf8 30. Ke2 e5 31. f3 f6 32. Ba2 Bb6 33. h4 g6 34. Nb3
Ke7 35. Bc1 h5 36. Be3 Bc7 37. Kd3 Bc8 38. Na5 Bb6 39. Nb3 Bc7 40. Na5 Bb6 41.
Bb3 Bxe3 42. Kxe3 Nb6 43. f4 Be6 44. Bd1 Bf7 45. Be2 Nd7 46. Nb7 Be8 47. Bf1
Bf7 48. Kd2 Be6 1/2-1/2

[Event "I Festival A"]
[Site "Lido degli Estensi - Comacchio ITA"]
[Date "2000.05.31"]
[Round "5"]
[White "Frank, Albert"]
[Black "Barbieri, Giovanni"]
[Result "1-0"]
[WhiteElo "2029"]
[BlackElo "2103"]
[PlyCount "95"]
[EventDate "2000.05.27"]

1. Nf3 Nf6 2. g3 g6 3. b3 Bg7 4. Bb2 d6 5. Bg2 O-O 6. O-O e5 7. d3 Re8 8. Nbd2
Nbd7 9. c4 c6 10. Ne4 Nxe4 11. dxe4 Nf6 12. Qc2 Qc7 13. Rfd1 b6 14. Rd2 Bf8 15.
Rad1 Bb7 16. Ne1 Nh5 17. Bf3 Ng7 18. Bg4 Bc8 19. Bxc8 Qxc8 20. Ba3 c5 21. Ng2
g5 22. Ne3 Re6 23. Nf5 Ne8 24. Bc1 Rg6 25. g4 Qb7 26. f3 a6 27. Rd3 Rd8 28. h4
gxh4 29. Nxh4 Ng7 30. Nxg6 hxg6 31. Bg5 Be7 32. Bxe7 Qxe7 33. Qd2 Ne6 34. e3
Kg7 35. Kg2 Rh8 36. Qf2 Qg5 37. Rh1 Rxh1 38. Kxh1 Qe7 39. Qh2 Ng5 40. Qh4 Qf6
41. Qg3 Nxf3 42. Qf2 Kf8 43. Kg2 Nh4+ 44. Kg3 Qxf2+ 45. Kxf2 Ke7 46. g5 f5 47.
gxf6+ Ke6 48. f7 1-0

[Event "I Festival A"]
[Site "Lido degli Estensi - Comacchio ITA"]
[Date "2000.05.31"]
[Round "5"]
[White "Godena, Michele"]
[Black "Ortega, Lexy"]
[Result "0-1"]
[WhiteElo "2487"]
[BlackElo "2479"]
[PlyCount "97"]
[EventDate "2000.05.27"]

1. Nf3 f5 2. d4 Nf6 3. Bg5 Ne4 4. h4 c5 5. e3 Qb6 6. Qc1 Nxg5 7. hxg5 g6 8.
Nbd2 Bg7 9. c3 Nc6 10. Bc4 e6 11. Nb3 d5 12. dxc5 Qd8 13. Bb5 e5 14. Qd2 O-O
15. O-O-O a6 16. Ba4 e4 17. Nh4 Be6 18. f4 Rc8 19. Nd4 Nxd4 20. exd4 b6 21.
cxb6 Qxb6 22. g3 Rf7 23. Ng2 Rb7 24. Kb1 Rcb8 25. b3 Qa5 26. Ka1 Rc7 27. Rc1
Bf8 28. Ne3 Ba3 29. Rc2 Rbc8 30. Nd1 Qb6 31. Re1 a5 32. Ne3 Rxc3 33. Rxc3 Rxc3
34. Qxc3 Bb4 35. Qc6 Qxc6 36. Bxc6 Bxe1 37. Bxd5 Kf7 38. Bxe6+ Kxe6 39. Nf1
Bc3+ 40. Kb1 Bxd4 41. Kc2 Kd5 42. Kd2 Kc5 43. a3 Bb2 44. a4 Kb4 45. Kc2 Bd4 46.
Nd2 Bf2 47. Nf1 e3 48. Kd3 Kxb3 49. Nh2 0-1

[Event "I Festival A"]
[Site "Lido degli Estensi - Comacchio ITA"]
[Date "2000.05.31"]
[Round "5"]
[White "Marchini, Massimo"]
[Black "Pienabarca, Nicola"]
[Result "0-1"]
[WhiteElo "2187"]
[BlackElo "2030"]
[PlyCount "74"]
[EventDate "2000.05.27"]

1. Nf3 Nf6 2. c4 c5 3. Nc3 Nc6 4. d4 cxd4 5. Nxd4 Nxd4 6. Qxd4 g6 7. e4 d6 8.
Be2 Bg7 9. O-O O-O 10. Bd2 Be6 11. Qe3 Ng4 12. Bxg4 Bxg4 13. f3 Be6 14. b3 a6
15. Rac1 Rb8 16. Rfd1 b5 17. c5 dxc5 18. Ne2 c4 19. Bc3 Qb6 20. Qxb6 Rxb6 21.
Bxg7 Kxg7 22. Nf4 Rc8 23. Nxe6+ Rxe6 24. bxc4 Rxc4 25. Rxc4 bxc4 26. Rc1 Rc6
27. Kf2 e5 28. Ke3 f5 29. Rc2 Kf6 30. exf5 gxf5 31. g4 fxg4 32. fxg4 Kg5 33.
Kf3 c3 34. Kg3 Rc4 35. h4+ Kf6 36. Kf3 Ke6 37. Kg3 Kd5 0-1

[Event "I Festival A"]
[Site "Lido degli Estensi - Comacchio ITA"]
[Date "2000.05.31"]
[Round "5"]
[White "Mauro, Alan"]
[Black "Straub, Peter"]
[Result "1-0"]
[WhiteElo "2231"]
[BlackElo "2126"]
[PlyCount "79"]
[EventDate "2000.05.27"]

1. Nf3 Nf6 2. b3 d6 3. d4 c5 4. e3 g6 5. Be2 Bg7 6. O-O O-O 7. Bb2 cxd4 8. exd4
b6 9. c4 Bb7 10. Nbd2 Nbd7 11. d5 e5 12. dxe6 fxe6 13. Ng5 Qe7 14. Bf3 Bxf3 15.
Ndxf3 e5 16. Nd2 Nc5 17. Nde4 Rad8 18. Nxf6+ Bxf6 19. Qd5+ Kh8 20. Ne4 Bg7 21.
Rad1 Nxe4 22. Qxe4 Qe6 23. Rd5 Rd7 24. Rfd1 Qf6 25. f3 Rdf7 26. Rxd6 Qf4 27.
Qxf4 exf4 28. Bxg7+ Kxg7 29. R1d4 Kh6 30. Rd7 Kg5 31. Kf2 h5 32. R7d5+ Kh6 33.
h4 Rf6 34. Rd7 R6f7 35. Ke2 Kg7 36. Kd3 Kh6 37. b4 Kg7 38. c5 bxc5 39. bxc5 Rc8
40. Kc4 1-0

[Event "I Festival A"]
[Site "Lido degli Estensi - Comacchio ITA"]
[Date "2000.05.31"]
[Round "5"]
[White "Mrdja, Milan"]
[Black "Djuric, Stefan"]
[Result "0-1"]
[WhiteElo "2425"]
[BlackElo "2491"]
[PlyCount "78"]
[EventDate "2000.05.27"]

1. e4 e5 2. Nf3 Nc6 3. Bb5 a6 4. Ba4 Nf6 5. O-O Be7 6. d3 d6 7. c3 O-O 8. Re1
Bd7 9. Nbd2 Re8 10. Nf1 Bf8 11. Ng3 g6 12. h3 Bg7 13. a3 Qc8 14. Bb3 Nd8 15. d4
c5 16. d5 c4 17. Bc2 b5 18. Nh2 h5 19. Ngf1 Nb7 20. f4 Nc5 21. Qf3 a5 22. fxe5
dxe5 23. Be3 Ra6 24. Nd2 Nb7 25. Rf1 Nd6 26. Qg3 Nh7 27. Nhf3 f5 28. exf5 Bxf5
29. Bxf5 Nxf5 30. Qe1 e4 31. Ng5 Nxg5 32. Bxg5 Qc5+ 33. Kh1 Qxd5 34. Rf4 Rd6
35. Nf3 e3 36. g4 hxg4 37. hxg4 Re4 38. gxf5 Rxf4 39. Bxf4 Qxf3+ 0-1

[Event "I Festival A"]
[Site "Lido degli Estensi - Comacchio ITA"]
[Date "2000.05.31"]
[Round "5"]
[White "Renier, Renzo"]
[Black "Insabato, Giovanbattista"]
[Result "0-1"]
[WhiteElo "1917"]
[BlackElo "2175"]
[PlyCount "60"]
[EventDate "2000.05.27"]

1. e4 c5 2. Nf3 e6 3. d4 cxd4 4. Nxd4 Nf6 5. Nc3 d6 6. Bc4 Nc6 7. Be3 Be7 8.
Qe2 a6 9. O-O-O Qc7 10. Bb3 Bd7 11. Rhg1 Na5 12. g4 Nxb3+ 13. axb3 Bc6 14. f3
b5 15. g5 Nd7 16. h4 b4 17. Nb1 Rc8 18. h5 Nc5 19. Nd2 g6 20. Rh1 Rg8 21. Nxc6
Qxc6 22. Nc4 Kf8 23. hxg6 hxg6 24. Rh7 Nxb3+ 25. cxb3 d5 26. exd5 exd5 27. Rd4
Qe6 28. Rhh4 Bxg5 29. Rhe4 Qf5 30. Re5 Qxe5 0-1

[Event "I Festival A"]
[Site "Lido degli Estensi - Comacchio ITA"]
[Date "2000.05.31"]
[Round "5"]
[White "Ruzza, Claudio"]
[Black "Ricci, Alfredo"]
[Result "1-0"]
[WhiteElo "1911"]
[BlackElo "2093"]
[PlyCount "93"]
[EventDate "2000.05.27"]

1. d4 c5 2. e3 e6 3. Nf3 Nf6 4. Bd3 b6 5. Qe2 d5 6. c3 Nbd7 7. Nbd2 Bb7 8. O-O
Be7 9. Ne5 Nxe5 10. dxe5 Nd7 11. f4 g6 12. b3 Qc7 13. Bb2 f5 14. exf6 Bxf6 15.
e4 O-O-O 16. e5 Bg7 17. c4 Rhe8 18. Rae1 Nb8 19. cxd5 exd5 20. Nf3 Nc6 21. Rc1
Kb8 22. Bb5 Re7 23. a4 Rf8 24. g3 Nb4 25. a5 Qd8 26. axb6 axb6 27. Bc3 Nc6 28.
Rfd1 d4 29. Bxc6 Bxc6 30. Bxd4 Qc8 31. Bb2 Qg4 32. Nd4 Qxe2 33. Nxe2 g5 34. Rd6
Bf3 35. Kf2 Bxe2 36. Kxe2 Kb7 37. Rcd1 Kc7 38. Ke3 gxf4+ 39. gxf4 Bh6 40. Rxh6
Rg8 41. Rdd6 Rg2 42. Bc3 Rc2 43. Kd3 Rf2 44. Rc6+ Kd7 45. Rhd6+ Ke8 46. e6 Ra7
47. Bf6 1-0

[Event "I Festival A"]
[Site "Lido degli Estensi - Comacchio ITA"]
[Date "2000.05.31"]
[Round "5"]
[White "Timoscenko, Gennadij A."]
[Black "Naumkin, Igor"]
[Result "1/2-1/2"]
[WhiteElo "2519"]
[BlackElo "2498"]
[PlyCount "32"]
[EventDate "2000.05.27"]

1. d4 e6 2. c4 Nf6 3. Nf3 b6 4. g3 Bb7 5. Bg2 Be7 6. O-O O-O 7. Nc3 Ne4 8. Qc2
Nxc3 9. Qxc3 f5 10. b3 Bf6 11. Bb2 d6 12. Rad1 a5 13. Ne1 Bxg2 14. Nxg2 Nc6 15.
Qf3 Qd7 16. Nf4 Nxd4 1/2-1/2

[Event "I Festival A"]
[Site "Lido degli Estensi - Comacchio ITA"]
[Date "2000.06.01"]
[Round "6"]
[White "Barbieri, Giovanni"]
[Black "Bondielli, Giorgio"]
[Result "1-0"]
[WhiteElo "2103"]
[BlackElo "1747"]
[PlyCount "45"]
[EventDate "2000.05.27"]

1. e4 e5 2. Nf3 Nf6 3. Nxe5 d6 4. Nf3 Nxe4 5. Nc3 Nxc3 6. dxc3 Be7 7. Be3 O-O
8. Qd2 Bf5 9. Nd4 Bg6 10. O-O-O Nd7 11. f3 c6 12. g4 Ne5 13. Be2 c5 14. Nf5
Bxf5 15. gxf5 b5 16. Qd5 Qa5 17. a3 Rab8 18. Rhg1 Rfd8 19. Bh6 Bf6 20. f4 Nc4
21. Bxc4 bxc4 22. Bxg7 Bxg7 23. Qg2 1-0

[Event "I Festival A"]
[Site "Lido degli Estensi - Comacchio ITA"]
[Date "2000.06.01"]
[Round "6"]
[White "Davies, Nigel R."]
[Black "Mauro, Alan"]
[Result "1-0"]
[WhiteElo "2497"]
[BlackElo "2231"]
[PlyCount "59"]
[EventDate "2000.05.27"]

1. Nf3 Nf6 2. g3 g6 3. b4 Bg7 4. Bb2 d6 5. Bg2 O-O 6. O-O c6 7. d3 a5 8. bxa5
Qxa5 9. c4 Na6 10. a4 Qh5 11. Nbd2 Bh3 12. Qc2 e5 13. Ba3 Rad8 14. Rab1 Rd7 15.
Rb6 Bh6 16. Rfb1 Bxd2 17. Bxh3 Qxh3 18. Nxd2 Ng4 19. Nf1 c5 20. Rxb7 Nc7 21. a5
f5 22. f3 f4 23. fxg4 fxg3 24. Nxg3 Rdf7 25. Rb8 Ne8 26. e3 Rf3 27. Qg2 Qxg4
28. a6 h5 29. a7 h4 30. Ne4 1-0

[Event "I Festival A"]
[Site "Lido degli Estensi - Comacchio ITA"]
[Date "2000.06.01"]
[Round "6"]
[White "Diotallevi, Maurizio"]
[Black "Marchini, Massimo"]
[Result "1/2-1/2"]
[WhiteElo "1921"]
[BlackElo "2187"]
[PlyCount "81"]
[EventDate "2000.05.27"]

1. d4 Nf6 2. c4 g6 3. Nc3 Bg7 4. e4 O-O 5. Nf3 d6 6. Be2 e5 7. O-O Nbd7 8. Bg5
h6 9. Bh4 c6 10. Re1 Re8 11. Bf1 g5 12. Bg3 Nh5 13. d5 c5 14. Nd2 Nf4 15. f3
Nf8 16. Bf2 N8g6 17. g3 Nh3+ 18. Bxh3 Bxh3 19. Nf1 Bxf1 20. Rxf1 Qd7 21. Kg2
Ne7 22. g4 Ng6 23. Bg3 Nf4+ 24. Bxf4 exf4 25. Qc2 a6 26. Ne2 b5 27. Rab1 bxc4
28. Qxc4 Qb5 29. Rfc1 Qxc4 30. Rxc4 a5 31. Nc1 Reb8 32. Nd3 Rb5 33. Kf2 Bd4+
34. Ke2 f6 35. h3 Kg7 36. Kf1 h5 37. Kg2 hxg4 38. hxg4 Rh8 39. b3 Ra8 40. Ra4
Bc3 41. Rc1 1/2-1/2

[Event "I Festival A"]
[Site "Lido degli Estensi - Comacchio ITA"]
[Date "2000.06.01"]
[Round "6"]
[White "Dragojlovic, Andjelko"]
[Black "Godena, Michele"]
[Result "0-1"]
[WhiteElo "2437"]
[BlackElo "2487"]
[PlyCount "44"]
[EventDate "2000.05.27"]

1. e4 e5 2. Nc3 Nf6 3. Bc4 Nc6 4. d3 Na5 5. Nge2 c6 6. a4 Nxc4 7. dxc4 Be7 8.
Qd3 O-O 9. O-O d6 10. b3 Be6 11. f4 exf4 12. Nxf4 Ng4 13. a5 Qd7 14. h3 Ne5 15.
Qg3 f5 16. Bb2 fxe4 17. Nh5 g6 18. Nxe4 Bf5 19. Rfe1 Bxe4 20. Rxe4 Qf5 21. Bxe5
Qxe4 22. Re1 Qh4 0-1

[Event "I Festival A"]
[Site "Lido degli Estensi - Comacchio ITA"]
[Date "2000.06.01"]
[Round "6"]
[White "Efimov, Igor"]
[Black "Martinovic, Slobodan"]
[Result "1-0"]
[WhiteElo "2537"]
[BlackElo "2448"]
[PlyCount "68"]
[EventDate "2000.05.27"]

1. d4 Nf6 2. c4 g6 3. Nc3 Bg7 4. e4 d6 5. Nge2 O-O 6. Ng3 e5 7. d5 c6 8. Be2 a5
9. O-O Na6 10. Bg5 h6 11. Be3 h5 12. Bg5 Qc7 13. Qd2 Nh7 14. Be3 Bd7 15. Rad1
Rad8 16. f4 exf4 17. Bxf4 Rfe8 18. Bh6 h4 19. Nh1 Bc8 20. Nf2 Nc5 21. Bxg7 Kxg7
22. Bg4 Re5 23. a3 Nf6 24. Bxc8 Rxc8 25. Qd4 a4 26. Nd3 Nxd3 27. Qxd3 cxd5 28.
cxd5 Rf8 29. Rf4 Qb6+ 30. Kh1 Qxb2 31. Nxa4 Qa2 32. Rd2 Qa1+ 33. Rf1 Qxf1+ 34.
Qxf1 Nxe4 1-0